| 000 | 00536nam a22001817a 4500 | ||
|---|---|---|---|
| 003 | NUST - PNEC | ||
| 005 | 20170116180753.0 | ||
| 008 | 150314b xxu||||| |||| 00| 0 eng d | ||
| 020 | _a0273643223 | ||
| 040 | _cLIBRARY | ||
| 082 | _a658.5 BRO | ||
| 100 |
_91858 _aBrown Steve |
||
| 245 |
_aManufacturing the Future: Strategic Resonance for Enlightened Manufacturing _cSteve Brown |
||
| 260 |
_aLondon _b Financial Times Management _cc2000. |
||
| 300 | _a212 p. : | ||
| 650 |
_91859 _aManufactures--Forecasting _xAS |
||
| 942 |
_2ddc _cBK |
||
| 999 |
_c62634 _d62634 |
||